LEADER 00776nam a2200193 4500 001 000000353330 003 CaOOAMICUS 005 20230330094634.0 008 230330s2018 it a 000 u ita r 040 $aSeMil$bita 245 00$aVol. 3. 264 1$aTorino :$bGiulio Einaudi,$c2018. 300 $aVIII, 2450-3732 p., [12] carte di tav. di cui 8 ripiegate :$bill. ;$c22 cm 773 0 $aBelli, Giuseppe Gioachino <1791-1863>$tSonetti.$dTorino : Giulio Einaudi, 2018.$kMillenni$z978-88-06-23821-6$g3$w()353323 850 $aSeMil 852 $aSeMil$W1$xVenegono$y1$m1A VI 207$j239079$B244543$CSeMilBibl$Z2$F244543 $81 996 $6245$aVol. 3$9(OLS)http://semarc/title/80712 996 $6264$aTorino :$bGiulio Einaudi$9(OLS)http://semarc/publisher/29810 LEADER 01243nam a2200253 i 4500 001 000000068579 003 CaOOAMICUS 005 20100728000000.0 008 100728s1967 fr u000 u fre u 013 $a39751 040 $aSeMil$bita 100 1 $aRóheim, Géza <1891-1953>.$0(OLS)http://semarc/name/34215 245 10$aPsychanalyse et anthropologie :$bculture, personnalité, inconscient /$cGéza Róheim ; traduit de l'anglais par Marie Moscovici ; avant-propos et bibliographie des travaux de G. Róheim par Roger Dadoun. 260 $aParis :$bGallimard,$c1967. 300 $a602 p. ;$c23 cm. 490 0 $aConnaissance de l'inconscient ;$v5 650 4$aPsicanalisi e antropologia.$0(OLS)http://semarc/subject/13501 700 1 $aDadoun, Roger <1928->.$0(OLS)http://semarc/name/34217 700 1 $aMoscovici, Marie.$0(OLS)http://semarc/name/34216 830 0$aConnaissance de l'inconscient ;$v5.$0(OLS)http://semarc/title/31613 850 $aSeMil 852 $aSeMil$W1$xVenegono$y1$m2O III 182$j34732$B34732$CSeMilBibl$Z2$F34735 $81 996 $6245$aPsychanalyse et anthropologie :$bculture, personnalité, inconscient$9(OLS)http://semarc/title/109536 996 $6260$aParis :$bGallimard$9(OLS)http://semarc/publisher/29952